| 000 -ლიდერი |
| ფიქსირებული სიგრძის საკონტროლო ველი |
01125nam a2200241Ia 4500 |
| 001 - საკონტროლო ნომერი |
| საკონტროლო ველი |
23178 |
| 003 - საკონტროლო ნომრის იდენტიფიკატორი |
| საკონტროლო ველი |
GE_BSU |
| 005 - ბოლო ოპერაციის თარიღი და დრო |
| საკონტროლო ველი |
20230719173345.0 |
| 008 - ფიქსირებული სიგრძის მონაცემთა ელემენტები - ზოგადი ინფორმაცია |
| ფიქსირებული სიგრძის საკონტროლო ველი |
181216s1966||||ge |||||||||||||| ||geo|| |
| 040 ## - კატალოგიზაციის წყარო |
| Transcribing agency |
GE_BSU |
| 041 ## - ენის კოდი |
| Language code of text/sound track or separate title |
geo |
| 080 ## - უნივერსალური ათობითი კლასიფიკაციის ინდექსი |
| Universal Decimal Classification number |
82-93:821.111(73)-32 ტ-54 |
| 100 ## - მთავარი ჩანაწერი - პიროვნების სახელი |
| Personal name |
ტვენი, მარკ |
| 9 (RLIN) |
16107 |
| 245 ## - ცნობა სათაურის შესახებ |
| Title |
უფლისწული და მათხოვარი / |
| Statement of responsibility, etc |
მარკ ტვენი;ინგლისურიდან თარგმნა თ. დიასამიძემ ; რედ. ლ. ქადაგიშვილი ; მხატვ. გ. კასრაძე. |
| 264 ## - წარმოების, გამოცემის, დისტრიბუციის და სხვა ცნობები |
| გამოცემის, წარმოების, დისტრიბუციის... ადგილი |
თბილისი : |
| გამოცემის, წარმოების, დისტრიბუციის... სახელწოდება |
ნაკადული, |
| გამოცემის, წარმოების, დისტრიბუციის... თარიღი |
1966. |
| 300 ## - ფიზიკური აღწერა |
| Extent |
211 გვ. ; |
| Dimensions |
20 სმ. |
| 653 ## - INDEX TERM--UNCONTROLLED |
| Uncontrolled term |
უფლისწული და მათხოვარი |
| 700 ## - ADDED ENTRY--PERSONAL NAME |
| Personal name |
დიასამიძე, თ. |
| Relator term |
მთარგმნელი |
| 9 (RLIN) |
19453 |
| 700 ## - ADDED ENTRY--PERSONAL NAME |
| Personal name |
ქადაგიშვილი, ლ. |
| Relator term |
რედაქტორი |
| 9 (RLIN) |
4300 |
| 700 ## - ADDED ENTRY--PERSONAL NAME |
| Personal name |
კასრაძე, გ. |
| Relator term |
მხატვარი |
| 9 (RLIN) |
19454 |
| 942 ## - ADDED ENTRY ELEMENTS (KOHA) |
| Koha item type |
წიგნი |
| Source of classification or shelving scheme |
|